Moja veľká knižka Pestrý svet

Bibliographic Details
Other Authors: Hammond, Fitz (Illustrator), Kendrová, Diana, 2000- (Translator)
Format: Book
Language:Slovak
English
PhysicalDescription:16 nečíslovaných strán ilustrácie 32 cm
Published: Praha Rebo International 2024
ISBN:9788025515112
Edition:1. vydanie
Series:Prvé učenie
Subjects:

MARC

LEADER 00000cam a2200000 4500
001 vtls012267936
003 SK-MaSNL
005 20260512102952.0
008 241205s2024 xr a a 000 0 slo
015 |a SNBA2026/04 
020 |a 9788025515112  |q (viazané) 
040 |a SNK  |b slo  |c SNK  |e rda 
041 1 |a slo  |h eng 
044 |a xr  |c CZ 
072 7 |a 0/9-053.2  |x Literatúra pre deti a mládež (náučná)  |2 konspekt 
080 |a (0.053.2)  |2 2011 
080 |a  (0.025.2)  |2 2011 
100 |a Hammond, Fitz  |4 ill  |9 447443 
240 1 0 |a My enormous book of everything   |l Slovensky 
245 1 0 |a Moja veľká knižka  |p Pestrý svet  |c ilustroval The Boy Fitzhammond ; z anglického originálu My enormous book of everything ... preložila: Diana Kendrová 
246 3 0 |a Pestrý svet 
250 |a 1. vydanie 
264 1 |a Praha  |b Rebo International  |c 2024 
300 |a 16 nečíslovaných strán  |b ilustrácie  |c 32 cm 
336 |a text  |b txt  |2 rdacontent 
336 |a statický obraz  |b sti  |2 rdacontent 
337 |a bez média  |b n  |2 rdamedia 
338 |a zväzok  |b nc  |2 rdacarrier 
490 1 |a Prvé učenie 
500 |a Publikácia má kartónové listy 
500 |a Meno ilustrátora zistené z externých zdrojov 
521 8 |a Pre deti od 1+ 
655 7 |a publikácie pre deti  |2 SNKPH  |9 70148 
655 7 |a leporelá  |2 SNKPH  |9 60414 
655 7 |a Publications for children  |2 SNKPHeng  |9 276792 
655 7 |a Picture books for children  |2 SNKPHeng  |9 277438 
700 1 |a Kendrová, Diana,  |d 2000-  |4 trl  |9 241354 
830 0 |a Prvé učenie  |9 1634867 
852 |a Slovenská národná knižnica 
919 |a 978-80-255-1511-2 
954 |a ilustrované knihy, leporelá, komiksy cudzojazyčné (svetové)  |2 lita 
958 |a ZS 
958 |a UP 
968 |b ENG 
999 |c 960337  |d 962267 
952 |t 1  |a SNK  |b SNK  |y NEVYP  |7 1  |p 17A1578203  |o snkOSB 22042  |i snk2026/3693  |8 4  |g 10.86  |0 0  |1 0  |2 udc  |4 0  |d 2024-12-05  |l 0  |r 2026-02-24 10:17:00  |w 2026-02-24